Stacje SKM w Trójmieście - Statystyki

Ogólne statystyki
  • Ten quiz został rozwiązany 319 razy
  • Średni wynik to 21 z 28
Statystyki odpowiedzi
Odpowiedź % Poprawnych
Gdynia Główna
97%
Gdańsk Główny
96%
Sopot
96%
Gdańsk Wrzeszcz
93%
Gdańsk Oliwa
92%
Gdańsk Śródmieście
87%
Wejherowo
85%
Sopot Wyścigi
84%
Gdańsk Stocznia
81%
Gdynia Orłowo
81%
Rumia
80%
Gdynia Chylonia
79%
Reda
77%
Sopot Kamienny Potok
76%
Gdynia Redłowo
75%
Gdańsk Politechnika
73%
Gdańsk Zaspa
73%
Gdynia Wzgórze Św. Maksymiliana
69%
Gdynia Stocznia
67%
Gdańsk Żabianka-AWFiS
65%
Gdańsk Przymorze-Uniwersytet
64%
Gdynia Cisowa
64%
Gdynia Grabówek
59%
Rumia Janowo
52%
Wejherowo Śmiechowo
52%
Gdynia Leszczynki
51%
Wejherowo Nanice
43%
Reda Pieleszewo
40%
Nie znaleziono quizów pasujących do podanych kryteriów
Rozkład punktacji
Procent ludzi z każdym wynikiem
Percentyl według liczby udzielonych odpowiedzi
Twoja historia wyników
Nie rozwiązałeś tego quizu